| 000 | 01071nam0a22002771 4500 | ||
|---|---|---|---|
| 001 | rc\2705635 | ||
| 005 | 20250623171821.0 | ||
| 035 | _a(NLR Aleph) 006833695 | ||
| 090 |
_a6572061 _c6572061 |
||
| 100 | _a20110915d1934 |||y0rusy50 ca | ||
| 101 | 0 | _arus | |
| 102 | _aRU | ||
| 105 | _aa z ||||| | ||
| 200 | 1 |
_aИсправления повреждений земляного полотна _fИнж. К. С. Ордуянц _g[Предисл.: Солькин, Криницын] _gЦентр. науч.-иссл. ин-т ж.-д. строительства НКПС |
|
| 210 |
_aМосква _cизд. и тип. Трансжелдориздата _d1934 |
||
| 215 |
_aОбл., 54, [2] с. _cил. _d23х15 см. |
||
| 320 | _aБиблиогр.: "Литература..." (23 назв.) | ||
| 700 | 1 |
_aОрдуянц _bК.С. _gКорней Степанович |
|
| 702 | 1 |
_aКриницын _4080 |
|
| 702 | 1 |
_aСолькин _4080 |
|
| 801 | 0 |
_aRU _bNLR _gpsbo |
|
| 801 | 1 |
_aRU _bELAR _2rusmarc |
|
| 852 |
_aNLR _j34-11/1107 |
||
| 942 | _cBOOK | ||
| 980 | _aNB | ||